[Event "IECC O-3258"]
[Site "IECC email"]
[Date "2010.12.09"]
[Round "?"]
[White "Auger, Pierre"]
[Black "Kellaway, Ted"]
[Result "1-0"]
[WhiteElo "1336"]
[BlackElo "1280"]
[PlyCount "59"]
[EventDate "2010.??.??"]
[EventType "swiss (corr)"]
[EventRounds "2"]
[SourceTitle "Telechess CBM 145"]
[Source "Chessbase"]
[SourceDate "2011.11.11"]
[SourceVersion "1"]
[SourceVersionDate "2011.11.11"]
[SourceQuality "1"]
[WhiteTeam "Canada"]
[BlackTeam "South Africa"]
[WhiteTeamCountry "CAN"]
[BlackTeamCountry "RSA"]

1. d4 d5 2. c4 e6 3. Nf3 f6 4. e3 Bb4+ 5. Nc3 Ne7 6. Qc2 Nbc6 7. Bd3 g6 8. Bd2 Bxc3 9. Bxc3 0-0 10. 0-0-0 Bd7 11. h4 Be8 12. h5 gxh5 13. Bxh7+ Kg7 14. Rdg1 Rh8 15. Bd3 Bg6 16. Bxg6 Nxg6 17. g4 h4 18. cxd5 exd5 19. e4 Qd6 20. e5 Qe6 21. Re1 Qxg4 22. Rhg1 Qh5 23. Nxh4 Rh6 24. Nf5+ Kh7 25. Nxh6 Qxh6+ 26. Bd2 Qg7 27. Rg3 Nxd4 28. Qd3 c5 29. Rh1+ Kg8 30. Rxg6 1-0